[Event "GER-chT North U12"]
[Site "Magdeburg"]
[Date "2012.09.08"]
[Round "6.3"]
[White "Sowarka, Niklas"]
[Black "Priemer, Soeren Gregor"]
[Result "0-1"]
[WhiteElo "1033"]
[BlackElo "827"]
[PlyCount "110"]
[EventDate "2012.09.06"]
[EventType "team-swiss"]
[EventRounds "7"]
[EventCountry "GER"]
[SourceTitle "EXT 2015"]
[Source "ChessBase"]
[SourceDate "2014.11.20"]
[SourceVersion "1"]
[SourceVersionDate "2014.11.20"]
[SourceQuality "1"]
[WhiteTeam "Bremen West"]
[BlackTeam "Neumuenster Agon"]
[WhiteTeamCountry "GER"]
[BlackTeamCountry "GER"]

1. e4 e5 2. Nf3 Nc6 3. Bc4 Nf6 4. Ng5 Qe7 5. Nxf7 Rg8 6. Ng5 Rh8 7. Nf7 Rg8 8. Nd6+ cxd6 9. Bxg8 Nxg8 10. Nc3 Qg5 11. g3 Nd4 12. d3 Qf6 13. Nd5 Qd8 14. Qh5+ g6 15. Nb4 Nf6 16. Qd1 a5 17. Nd5 Nxd5 18. exd5 b6 19. c3 Nf5 20. h4 Bb7 21. Bg5 Be7 22. Qf3 Bxg5 23. hxg5 Ne7 24. Rxh7 Bxd5 25. Rh8+ Ng8 26. Qxd5 Ke7 27. Rxg8 Qxg8 28. Qf3 Rf8 29. Qe3 Qf7 30. Qxb6 Qf3 31. Qe3 Qh1+ 32. Ke2 Qxa1 33. d4 Qxb2+ 34. Kf1 Ke6 35. dxe5 Qb5+ 36. Kg2 Qd5+ 37. f3 Qxe5 38. Qf2 Qxc3 39. Qe2+ Qe5 40. Qc4+ d5 41. Qg4+ Qf5 42. Qxf5+ Rxf5 43. f4 d4 44. g4 Rd5 45. Kf2 d3 46. Ke1 d2+ 47. Kd1 Rd4 48. a3 Rxf4 49. Kxd2 Rxg4 50. Kc3 Rxg5 51. Kb3 Rc5 52. Ka4 d6 53. Kb3 g5 54. a4 g4 55. Kb2 g3 0-1